Online Catalogue and eLibrary

Women and the labour market (Record no. 2616)

MARC details
000 -LEADER
fixed length control field 00426nam a2200181Ia 4500
005 - DATE AND TIME OF LATEST TRANSACTION
control field 20240528013610.0
008 - FIXED-LENGTH DATA ELEMENTS--GENERAL INFORMATION
fixed length control field 240331s9999 xx 000 0 und d
020 ## - INTERNATIONAL STANDARD BOOK NUMBER
ISBN 0415038014
082 ## - DDC Classification
Item Number - Author Mark REE
Class No. 331.4
100 ## - MAIN ENTRY--PERSONAL NAME
Personal name Rees, Teresa
245 #0 - TITLE STATEMENT
Title Women and the labour market
Statement of responsibility, etc. Teresa rees
250 ## - EDITION STATEMENT
Edition statement 1 st
260 ## - PUBLICATION, DISTRIBUTION, ETC.
Place of publication, distribution, etc. London
Name of publisher, distributor, etc. Routledge
Date of publication, distribution, etc. 1992
300 ## - PHYSICAL DESCRIPTION
Extent (e.g. Volumes, Pages etc.) xiv, 223 p .,
650 ## - SUBJECT ADDED ENTRY--TOPICAL TERM
Topical term or geographic name entry element Women
650 ## - SUBJECT ADDED ENTRY--TOPICAL TERM
Topical term or geographic name entry element sex
942 ## - Koha item type (Biblio)
Koha item type Books in Stacks (Lending)
Holdings
Lost status Damaged status Collection code Home library Current library Shelving location Date acquired Full call number Accession Number Item type
    Lending WERC Library WERC Library Social Science Cupboard 03/31/2024 331.4 REE 3310 Books in Stacks (Lending)

© WERC Library